| Tag |
First Indicator |
Second Indicator |
Subfields |
| LEADER |
00000cam a2200000 i 4500 |
| 001 |
in00005654313 |
| 008 |
240530t20242024enk 000 d eng d |
| 005 |
20250802185326.0 |
| 035 |
|
|
|a (OCoLC)on1434027120
|
| 040 |
|
|
|a YDX
|b eng
|e rda
|c YDX
|d YDX
|d OCLCO
|d TEU
|d OCLCO
|
| 020 |
|
|
|a 9781350504387
|
| 020 |
|
|
|a 1350504386
|q paperback
|
| 035 |
|
|
|a (OCoLC)1434027120
|
| 043 |
|
|
|a e-ie---
|
| 050 |
|
4 |
|a PR6113.O453
|b H37 2024
|
| 082 |
0 |
4 |
|a 822.92
|2 23
|
| 100 |
1 |
|
|a Molloy, Richard,
|e author.
|1 https://id.oclc.org/worldcat/entity/E39PCjHYhbB3Kf89GfGDBkKYpq
|
| 245 |
1 |
4 |
|a The harmony test /
|c Richard Molloy.
|
| 264 |
|
1 |
|a London ;
|a New York :
|b Methuen Drama,
|c 2024.
|
| 264 |
|
4 |
|c ©2024
|
| 300 |
|
|
|a 106 pages ;
|c 20 cm.
|
| 336 |
|
|
|a text
|b txt
|2 rdacontent
|
| 337 |
|
|
|a unmediated
|b n
|2 rdamedia
|
| 338 |
|
|
|a volume
|b nc
|2 rdacarrier
|
| 490 |
1 |
|
|a Modern Plays
|
| 520 |
|
|
|a "Newlyweds Zoe and Kash are ready to start a family. Zoe wants to take a practical approach: fertility plans, vitamin supplements and a strict diet. Kash, on the other hand, would rather follow the advice of an intriguing man he just met in Holland and Barrett. Empty-nesters Naomi and Charlie have been living in matrimonial bliss for twenty odd years - or at least they had been according to Charlie. Frustrated and lonely, Naomi heads to the gym in search of a new lease on life. Instead, she finds Rocco - a much younger personal trainer willing to take a hands-on approach to the job...Richard Molloy's hilarious comedy The Harmony Test explores life's positives and negatives, from starting families, to ending marriages, and everything that comes in between. He and director Alice Hamilton collaborate for the second time following the hugely successful Every Day I Make Greatness Happen, which played Downstairs in 2018."--Publisher's description.
|
| 651 |
|
0 |
|a Ireland
|v Drama.
|
| 650 |
|
7 |
|a Marriage.
|2 fast
|0 https://id.worldcat.org/fast/1010443
|
| 650 |
|
7 |
|a Conception.
|2 fast
|0 https://id.worldcat.org/fast/872956
|
| 651 |
|
7 |
|a Ireland.
|2 fast
|0 https://id.worldcat.org/fast/1205427
|
| 655 |
|
7 |
|a comedy (general genre)
|2 aat
|
| 655 |
|
7 |
|a Drama.
|2 fast
|0 https://id.worldcat.org/fast/1423879
|
| 655 |
|
7 |
|a Comedy plays.
|2 fast
|0 https://id.worldcat.org/fast/1921567
|
| 655 |
|
7 |
|a Drama.
|2 lcgft
|
| 655 |
|
7 |
|a Comedy plays.
|2 lcgft
|
| 655 |
|
7 |
|a Théâtre.
|2 rvmgf
|
| 655 |
|
7 |
|a Comédies.
|2 rvmgf
|
| 776 |
0 |
8 |
|i Electronic version:
|a Molloy, Richard.
|t Harmony Test.
|d Bloomsbury Publishing 2024
|z 9781350504394
|w (OCoLC)1439621951
|
| 830 |
|
0 |
|a Methuen modern plays.
|
| 852 |
8 |
|
|b POD
|z This title is available for the library to purchase for your use. Click the "Purchase It For Me" button to place a request. This item will take 5-10 business days to arrive.
|
| 955 |
|
|
|a Print PDA title
|
| 961 |
|
|
|m 565730
|
| 999 |
f |
f |
|s 86fc8eea-c91e-4fd5-868a-910b0fb3fbaf
|i a3db1f51-639e-4b34-a88b-ae515d8e06db
|t 0
|
| 952 |
f |
f |
|a Texas A&M University
|b College Station
|c Sterling C. Evans Library
|d Purchase on Demand
|t 0
|e PR6113.O453 H37 2024
|h Library of Congress classification
|
| 998 |
f |
f |
|a PR6113.O453 H37 2024
|t 0
|l Purchase on Demand
|